ห้องสมุด วิทยาลัยพยาบาลบรมราชชนนี อุดรธานี
Boromarajonani College of Nursing, Udonthani
เปลี่ยนเป็นภาษาไทย

Change to English
 แสดงรายละเอียดบรรณานุกรม
  กลับหน้าหลัก

Brief Record : Get Marc (ISO 2709) : E-mail record : QR code ปิดหน้าต่าง
หนังสืออ้างอิง : เกี่ยวกับ Collections
mysqli: Table './ulib2015/stat_globaluid' is marked as crashed and last (automatic?) repair failed
select id from stat_globaluid where statuid='20260419071939_2033' 
mysqli: Table './ulib2015/stat_globaluid' is marked as crashed and last (automatic?) repair failed
DELETE FROM stat_globaluid
			WHERE id NOT IN (
			  SELECT id
			  FROM (
				SELECT id
				FROM stat_globaluid
				ORDER BY id DESC
				LIMIT 100
			  ) foo
			); 
mysqli: Table './ulib2015/stat_globaluid' is marked as crashed and last (automatic?) repair failed
insert into stat_globaluid set
		statuid='20260419071939_2033',
		dt='1776557979',
		phpself='/ULIB/dublinfull.php',
		agent='Mozilla/5.0 AppleWebKit/537.36 (KHTML, like Gecko; compatible; ClaudeBot/1.0; +claudebot@anthropic.com)',
		yea='2026',
		mon='4',
		dat='19',
		ip='216.73.216.142'
		
		
LEADER 00000nas 2200000uu 4500
001    13399122177
003     ULIBM
008    190612s||||||||th 000 0 tha d
022    ^a19066813
245 00 ^aราชาวดีสาร
310    ^aราย 6 เดือน
850 ^a ULIBM^bVol. 8 Number 2 c.1
945    ^p0^l0^i82644
999    ^aวริดา
รายการนี้ยังไม่มีแท็ก
คุณยังไม่ได้ล็อกอิน คุณสามารถมีกิจกรรมร่วมกับเว็บไซต์ได้ แต่ต้องล็อกอินก่อน ::
  ล็อกอิน
ดูแบบ: กล่อง รายการ
ลำดับที่ ประเภท เลขเรียก/บาร์โค้ด สถานที่ สถานะ
1.
วารสาร
Vol. 8 Number 2 c.1
  Barcode: 82644
วารสารOn Shelf
  ขอยืม
   [แสดง 1/1 รายการ]
mysqli: Can't create/write to file '/var/tmp/#sql_59d_0.MAI' (Errcode: 2)
select * from index_db where titl like '%ราชาวดีสาร%' and mid<>'13399122177'  order by rand() limit 3

BibComment


ยังไม่เคยถูกคอมเมนท์

คอมเมนท์ทรัพยากรรายการนี้
  คอมเมนท์: ราชาวดีสาร
Bib 13399122177

 
 
 

 Union Library Management : ULibM
Copyright 2026. All Rights Reserved.